logo

Bir Sreshtho Munshi Abdur Rouf Library
Jhenaidah Cadet College

Bold experiment : (Record no. 6060)

MARC details
000 -LEADER
fixed length control field 00986cam a2200313 a 4500
001 - CONTROL NUMBER
JCCL Control Number 6060
003 - CONTROL NUMBER IDENTIFIER
JCCL marc code BD-JhCC
005 - DATE AND TIME OF LATEST TRANSACTION
control field 20180101164845.0
008 - FIXED-LENGTH DATA ELEMENTS--GENERAL INFORMATION
fixed length control field 821119s1981 cau 001 0 eng d
020 ## - INTERNATIONAL STANDARD BOOK NUMBER
International Standard Book Number 0804710902
035 ## - SYSTEM CONTROL NUMBER
system control number (BD-JhCC)6060
035 ## - SYSTEM CONTROL NUMBER
system control number 68590
040 ## - CATALOGING SOURCE
Original cataloging agency VERC
Transcribing agency VERC
Modifying agency XNTU
041 ## - LANGUAGE CODE
Language code of Book eng
082 14 - DEWEY DECIMAL CLASSIFICATION NUMBER
Classification number 371.33582/099613
DDC Edition number 19
Author mark and Year SCH 1981
100 1# - MAIN ENTRY--PERSONAL NAME
Personal name Schramm, Wilbur,
Dates associated with a name 1907-
245 10 - TITLE STATEMENT
Title Bold experiment :
Remainder of title the story of educational television in American Samoa /
Statement of responsibility, etc Wilbur Schramm, Lyle M. Nelson, and Mere T. Betham.
260 ## - PUBLICATION, DISTRIBUTION, ETC. (IMPRINT)
Place of publication, distribution, etc Stanford, Calif. :
Name of publisher, distributor, etc Stanford University Press,
Date of publication, distribution, etc 1981.
300 ## - PHYSICAL DESCRIPTION
Pagination xvi, 244 p. ;
Dimensions 22 cm.
500 ## - GENERAL NOTE
General note Includes index.
504 ## - BIBLIOGRAPHY, ETC. NOTE
Bibliography, etc Bibliography: p. 235-240.
650 #0 - SUBJECT ADDED ENTRY--TOPICAL TERM
Topical term or geographic name as entry element Television in education
Geographic subdivision American Samoa.
650 #0 - SUBJECT ADDED ENTRY--TOPICAL TERM
Topical term or geographic name as entry element Education
Geographic subdivision American Samoa.
650 #0 - SUBJECT ADDED ENTRY--TOPICAL TERM
Topical term or geographic name as entry element Samoan Americans
General subdivision Intellectual life.
700 1# - ADDED ENTRY--PERSONAL NAME
Personal name Nelson, Lyle M.
700 1# - ADDED ENTRY--PERSONAL NAME
Personal name Betham, Mere T.
942 ## - ADDED ENTRY ELEMENTS (KOHA)
Source of classification or shelving scheme Dewey Decimal Classification
Koha item type Books
Holdings
Source of classification or shelving scheme Damaged status Not for loan Home library Current library Shelving location Total Checkouts Full call number Barcode Date last seen Copy number Koha item type
Dewey Decimal Classification     JCC Rouf Library JCC Rouf Library General Stacks   371.33582/099613 SCH 1981 8475 01/01/2018 C - 1 Books

JCC Library | Contacts | JCC Home

Last Update on 23 September 2017
Copyright @ 2017-2020 JCC Rouf Library
Rouf Library, Jhenidah Cadet College (JCC), Bangladesh